La France de A à Z - Statistiques

Statistiques générales
  • Ce quiz a été pris 7 535 fois
    7 024 depuis la dernière actualisation
  • Le résultat moyen est 21 sur 24
Statistiques - réponses
Lettre Question Réponse % Correct
F Complétez ceci : "Liberté, Égalité, ______" Fraternité
99%
E Quelle est la monnaie courante française ? L'Euro
99%
A Quelle est la plus grande chaîne de montagne en France ? Les Alpes
98%
L Quel prénom a été porté par beaucoup de rois ? Louis
98%
P Quelle est la capitale ? Paris
98%
S Quel fleuve passe dans la capitale ? La Seine
97%
Q Dans quel État du Canada les canadiens parlent-ils le français ? Le Québec
97%
C Quel est le plus grand festival de films en France ? Cannes
96%
M Quelle ville portuaire a donné son gentilé à l'hymne national ? Marseille
96%
Y Complétez le nom de ce créateur de mode : "_____ Saint Laurent" Yves
96%
N Quelle cathédrale est la plus célèbre en France ? Notre Dame de Paris
95%
G Quel était le dispositif de décapitation pendant la révolution française ? La Guillotine
94%
T Complétez ceci : "L'arc de _________" Triomphe
94%
B Quelle région est au Nord-Ouest ? La Bretagne
93%
K Quelle unité de mesure de la masse est la plus utilisée en France ? Le Kilogramme
93%
O Quelle ville de la Loire a été libérée par Jeanne d'Arc ? Orléans
91%
H Quel dieu grec représente également une marque de luxe française ? Hermès
90%
J Qui était la pucelle d'Orléans ? Jeanne d'arc
87%
V Quelle était la bataille la plus meurtrière de la Première Guerre Mondiale ? Verdun
87%
Z Qui a écrit l'article "J'accuse" lors de l'affaire Dreyfus ? Zola
86%
R Qu'est-ce que Marie Curie a étudié ? La Radioactivité
68%
U Qu'est-ce qui est utilisé dans la production de l'électricité ? L'Uranium
64%
I Quel est le mouvement artistique de Monet et Renoir ? L'Impressionnisme
58%
D Qui est l'auteur de "Comte de Monte Cristo" ? Dumas
50%
Aucun quiz correspondant
Distribution des résultats
% des personnes avec chaque résultat
Percentile par nombre de réponses
Votre historique - résultats
Vous n’avez pas pris ce quiz depuis la dernière actualisation